Datum a čas kvízu
34.5
Celkem bodů
Celkový počet nahraných bodů na tomto kvízu bez doplňovacích otázek.
3.
Pořadí na kvízu
Konečné umístění týmu na tomto kvízu.
Zaznamenané odpovědi
| # | Otázka | Odpověď | Body | Výsledky |
|---|---|---|---|---|
| 1. | Pražští radní jednohlasně rozh... | o zrušení ohňostroje (pořádaného městem) | 1 | |
| 2. | Vůdce brazilského drogového ga... | v převleku za svou dceru, která ho přišla navštívit | 1 | |
| 3. | Do českých kin minulý čtvrtek... | Toy Story: Příběh hraček | 1 | |
| 4. | Velká pardubická steeplechase... | Česká pojišťovna | 1 | |
| 5. | Americký basketbalista Donell... | že je těhotný | 1 | |
| 6. | V tomto tématu stačí vždy odpo... | ANO | 0 | |
| 7. | Italský fotbalový klub AC Milá... | NE | 1 | |
| 8. | Moravská Třebová je město na v... | NE | 1 | |
| 9. | YouTube je internetový server... | NE | 0 | |
| 10. | Tolstolobik bílý je sladkovodn... | NE | 0 |